Del feminismo al somocismo: mujeres, sexualidad y política antes de la revolución sandinista /

সংরক্ষণ করুন:
গ্রন্থ-পঞ্জীর বিবরন
প্রধান লেখক: González, Victoria
বিন্যাস: পাঠ‍্য
বিষয়গুলি:
ট্যাগগুলো: ট্যাগ যুক্ত করুন
কোনো ট্যাগ নেই, প্রথমজন হিসাবে ট্যাগ করুন!

MARC

LEADER 00000 a a2200000 04500
001 15545
003
040
100 |a González, Victoria  
245 |a Del feminismo al somocismo:   |b mujeres, sexualidad y política antes de la revolución sandinista /  |c Victoria González 
650 |a FEMENISMO  
650 |a HISTORIA POLITICA  
650 |a HISTORIA SOCIAL  
650 |a PARTICIPACION DE LA MUJER  
650 |a PARTICIPACION POLITICA  
650 |a DERECHOS CIVILES  
650 |a DICTADURA  
773 |g número 11 -12; páginas 55-80  
999 |c 26158  |d 26158